|
|
|
|
| LEADER |
00000nam a22000007i 4500 |
| 001 |
IT\ICCU\LO1\0250416 |
| 003 |
ItRI |
| 005 |
20260203100156.0 |
| 008 |
930126s1955 it |||||| ||||| |||||c |
| 015 |
|
|
|2 IT
|a 1955 5733
|
| 024 |
7 |
0 |
|a 322628
|2 cubi
|
| 040 |
|
|
|b ita
|c ct
|
| 041 |
|
7 |
|a ita
|2 ISO-639-2
|
| 082 |
|
|
|a 828.91403
|2 19
|
| 100 |
1 |
|
|a Lawrence, T. E.
|0 IT\ICCU\CFIV\000536
|4 aut
|
| 240 |
1 |
4 |
|a The mint
|9 Lawrence, T. E.
|
| 245 |
1 |
2 |
|a L'aviere Ross :
|b diario del periodo trascorso al deposito della R.A.F. tra l'agosto e il dicembre del 1922, con annotazioni successive /
|c T. E. Lawrence.
|
| 260 |
|
|
|a Milano :
|b Garzanti,
|c [1955!
|
| 300 |
|
|
|a XII, 235 p. ;
|c 22 cm.
|
| 830 |
|
0 |
|a Saggi
|0 IT\ICCU\RAV\0025970
|
| 942 |
|
|
|2 ddc
|c BK
|
| 952 |
|
|
|0 0
|1 0
|2 ddc
|4 0
|6 B_LNR01LAWTHAVI11
|7 1
|9 4570
|a MI
|b MI
|d 1987-06-10
|i 176
|l 0
|o B-LNR01-LAWTH-AVI11
|p CDOM176
|r 2025-07-04 21:34:29
|w 2025-07-04
|x ACQUISTO
|y BK
|
| 952 |
|
|
|0 0
|1 0
|2 ddc
|4 0
|6 B_LNR02LAWTHAVI12
|7 1
|9 4620
|a MI
|b MI
|d 2005-05-01
|i 229
|l 0
|o B-LNR02-LAWTH-AVI12
|p CDOM229
|r 2025-07-04 21:34:31
|w 2025-07-04
|x DONO
|y BK
|
| 952 |
|
|
|0 0
|1 0
|4 0
|6 DOC_828_912000000000000_LAW
|7 0
|9 24935
|a BO
|b BO
|d 2026-01-15
|i 901
|l 0
|o DOC 828.912 LAW
|p BO901
|r 2026-01-15 23:23:52
|w 2026-01-15
|x [Sebina 5] [1 v.]
|y BK
|z 1 v.
|
| 999 |
|
|
|c 4039
|d 4039
|